MARC details
| 000 -CABECERA |
| campo de control de longitud fija |
01394cam a2200337 a 4500 |
| 001 - NÚMERO DE CONTROL |
| campo de control |
000017675 |
| 005 - FECHA Y HORA DE LA ÚLTIMA TRANSACCIÓN |
| campo de control |
20200929165206.0 |
| 008 - DATOS DE LONGITUD FIJA--INFORMACIÓN GENERAL |
| campo de control de longitud fija |
751003s1973 pr ac 000 p eng d |
| 035 ## - NÚMERO DE CONTROL DEL SISTEMA |
| Número de control de sistema |
(DLC) 74235354 |
| 035 ## - NÚMERO DE CONTROL DEL SISTEMA |
| Número de control de sistema |
(OCoLC)1672784 |
| 040 ## - FUENTE DE LA CATALOGACIÓN |
| Centro catalogador/agencia de origen |
DO-SdBNP |
| Centro/agencia transcriptor |
NAlU |
| Centro/agencia modificador |
DLC |
| 042 ## - CÓDIGO DE AUTENTICACIÓN |
| Código de autenticación |
premarc |
| 082 ## - NÚMERO DE LA CLASIFICACIÓN DECIMAL DEWEY |
| Número de clasificación |
923.2 |
| Número de documento/Ítem |
A338i |
| 049 ## - FONDOS LOCALES (OCLC) |
| Fondos de biblioteca |
BNGR |
| 245 00 - MENCIÓN DE TÍTULO |
| Título |
Imagen de Pedro Albizu Campos / |
| Mención de responsabilidad, etc. |
Editores ; Benjamín Torres, Marisa Rosado, José Manuel Torres Santiago. |
| 260 ## - PUBLICACIÓN, DISTRIBUCIÓN, ETC. |
| Lugar de publicación, distribución, etc. |
San Juan de Puerto Rico : |
| Nombre del editor, distribuidor, etc. |
Instituto de Cultura Puertorriqueña, |
| Fecha de publicación, distribución, etc. |
1973. |
| 300 ## - DESCRIPCIÓN FÍSICA |
| Extensión |
99 p. : |
| Otras características físicas |
il., retrs ; |
| Dimensiones |
23 cm. |
| 500 ## - NOTA GENERAL |
| Nota general |
Catálogo de una exposición celebrada en el Instituto de Cultura Puertorriqueña, 12 de septiembre-octubre 31, 1973. |
| 500 ## - NOTA GENERAL |
| Nota general |
"Antologia poetica": p. [73]-97. |
| 600 10 - PUNTO DE ACCESO ADICIONAL DE MATERIA--NOMBRE DE PERSONA |
| Nombre de persona |
Albizu Campos, Pedro, |
| Fechas asociadas al nombre |
1891-1965 |
| Subdivisión de forma |
Pictorial works. |
| 9 (RLIN) |
38500 |
| 600 10 - PUNTO DE ACCESO ADICIONAL DE MATERIA--NOMBRE DE PERSONA |
| Nombre de persona |
ALBIZU CAMPOS, PEDRO, |
| Fechas asociadas al nombre |
1891-1965 |
| Subdivisión general |
FOTOGRAFÍAS |
| 9 (RLIN) |
38501 |
| 600 10 - PUNTO DE ACCESO ADICIONAL DE MATERIA--NOMBRE DE PERSONA |
| Nombre de persona |
ALBIZU CAMPOS, PEDRO, |
| Subdivisión cronológica |
1891-1965 |
| Subdivisión general |
POESÍAS |
| 9 (RLIN) |
38502 |
| 650 #4 - PUNTO DE ACCESO ADICIONAL DE MATERIA--TÉRMINO DE MATERIA |
| Término de materia o nombre geográfico como elemento de entrada |
Autor puertorriqueño |
| Subdivisión general |
Biografía |
| 9 (RLIN) |
38503 |
| 650 #4 - PUNTO DE ACCESO ADICIONAL DE MATERIA--TÉRMINO DE MATERIA |
| Término de materia o nombre geográfico como elemento de entrada |
Poesía puertorriqueña |
| 9 (RLIN) |
1015 |
| 650 #4 - PUNTO DE ACCESO ADICIONAL DE MATERIA--TÉRMINO DE MATERIA |
| Término de materia o nombre geográfico como elemento de entrada |
Literatura puertorriqueña |
| 9 (RLIN) |
250 |
| 700 1# - PUNTO DE ACCESO ADICIONAL--NOMBRE DE PERSONA |
| Nombre de persona |
Torres, Benjamín, |
| Término indicativo de función/relación |
ed. |
| 9 (RLIN) |
38504 |
| 700 1# - PUNTO DE ACCESO ADICIONAL--NOMBRE DE PERSONA |
| Nombre de persona |
Rosado, Marisa, |
| Término indicativo de función/relación |
ed. |
| 9 (RLIN) |
38505 |
| 700 1# - PUNTO DE ACCESO ADICIONAL--NOMBRE DE PERSONA |
| Nombre de persona |
Torres Santiago, José Manuel, |
| Fechas asociadas al nombre |
1940- |
| Término indicativo de función/relación |
ed. |
| 9 (RLIN) |
38506 |
| 710 2# - PUNTO DE ACCESO ADICIONAL--NOMBRE DE ENTIDAD CORPORATIVA |
| Nombre de entidad corporativa o nombre de jurisdicción como elemento de entrada |
Instituto de Cultura Puertorriqueña. |
| 9 (RLIN) |
4083 |
| 910 ## - DATOS DE OPCIÓN DEL USUARIO (OCLC) |
| Datos de opción del usuario |
Catalogación por copia / LC |